Normal view
MARC view
- Rockets (Aeronautics)
Entry Topical Term
001 - CONTROL NUMBER
- control field: 55740
003 - CONTROL NUMBER IDENTIFIER
- control field: NUST
005 - DATE AND TIME OF LATEST TRANSACTION
- control field: 20210628201536.0
008 - FIXED-LENGTH DATA ELEMENTS
- fixed length control field: 210628|| aca||aabn | a|a d
040 ## - CATALOGING SOURCE
- Original cataloging agency: NUST
- Transcribing agency: NUST
150 ## - HEADING--TOPICAL TERM
- Topical term or geographic name entry element: Rockets (Aeronautics)
- General subdivision: Models
670 ## - SOURCE DATA FOUND
- Source citation: Work cat.: (NUST): Stine, G. Harry (George Harry), 1928- 55739, Handbook of model rocketry , c2004.
